LIBRARY ONLINE CATALOGUE

The Oxford guide to effective writing and speaking / (Record no. 10911)

MARC details
000 -LEADER
fixed length control field 00602nam a22002052 4500
001 - CONTROL NUMBER
control field 0000007018
005 - DATE AND TIME OF LATEST TRANSACTION
control field 20151217154400.0
008 - FIXED-LENGTH DATA ELEMENTS--GENERAL INFORMATION
fixed length control field 071107s xx 000 0 eng d
020 ## - INTERNATIONAL STANDARD BOOK NUMBER
International Standard Book Number 0192806130 :
Terms of availability KES 3520
040 ## - CATALOGING SOURCE
Original cataloging agency KABU
Transcribing agency KABU
100 1# - MAIN ENTRY--PERSONAL NAME
Personal name Seely, John.
-- 0000158035
245 14 - TITLE STATEMENT
Title The Oxford guide to effective writing and speaking /
Statement of responsibility, etc. John Seely.
250 ## - EDITION STATEMENT
Edition statement 2nd ed.
260 ## - PUBLICATION, DISTRIBUTION, ETC. (IMPRINT)
Place of publication, distribution, etc. Oxford :
Name of publisher, distributor, etc. O. U. P.,
Date of publication, distribution, etc. 2005.
300 ## - PHYSICAL DESCRIPTION
Extent 312 p.
650 #0 - SUBJECT ADDED ENTRY--TOPICAL TERM
Topical term or geographic name as entry element English language
General subdivision Rhetoric.
-- 0000152050
908 ## - PUT COMMAND PARAMETER (RLIN)
Put command parameter 071107
950 ## - LOCAL HOLDINGS (RLIN)
-- 1
Holdings
Withdrawn status Lost status Source of classification or shelving scheme Not for loan Home library Current library Date acquired Total Checkouts Full call number Barcode Date last seen Date last checked out Price effective from Koha item type
    Library of Congress Classification   Kabarak, Main Campus Kabarak, Main Campus 17/12/2015 1 PE1408 .S44 2005 010948 11/07/2018 06/07/2018 17/12/2015 General Collection